| 000 | 01220cab a2200229 4500 | ||
|---|---|---|---|
| 001 | ABS67510 | ||
| 008 | 040301n2004 000 0 eng u | ||
| 035 | _a(Sirsi) u125255 | ||
| 100 | _aLee, M. | ||
| 245 | _aSustainable housing - realistic goal, or fantasy | ||
| 260 | _c2004 | ||
| 490 | _aGlobal Tenant: International Union of Tenants' Quarterly Magazine | ||
| 520 | _aConsiders whether the concept of sustainability, enshrined by the EU as a guiding principle, can be applied to housing. Suggests on the basis of a study of multi-family housing in Lithuania that sustainability can be a useful conceptual framework to help tenants, owners, managers and politicians examine which management practices are in their best interests. Provides some facts and figures about Lithuania's housing stock - more information available at United Nations Commission for Europe's website www.unece.org. | ||
| 590 | _aABS | ||
| 650 | _aEUROPEAN UNION | ||
| 650 | _aLITHUANIA | ||
| 650 | _aSOCIAL HOUSING | ||
| 650 | _aSUSTAINABLE HOUSING | ||
| 690 | _aDEVELOPMENT-SUSTAINABLE | ||
| 856 |
_uhttps://www.tenant.net/Other_Areas/IUT/0401GlobalTenant.pdf _zView the article for free online at www.tenant.net. |
||
| 942 | _n0 | ||
| 999 |
_c74184 _d74184 |
||